Geology and ground-water resources of the London area, Kentucky, by E.G. Otton. Prepared in cooperation with the Geological Survey, U.S. Department of the Interior. (Record no. 28394)
[ view plain ]
| 000 -LEADER | |
|---|---|
| fixed length control field | 00927cam a22002531 4500 |
| 001 - CONTROL NUMBER | |
| control field | gs 49000208 |
| 003 - CONTROL NUMBER IDENTIFIER | |
| control field | DLC |
| 005 - DATE AND TIME OF LATEST TRANSACTION | |
| control field | 20260227111355.0 |
| 008 - FIXED-LENGTH DATA ELEMENTS--GENERAL INFORMATION | |
| fixed length control field | 860620s1948 kyuab 000 0 eng c |
| 010 ## - LIBRARY OF CONGRESS CONTROL NUMBER | |
| LC control number | gs 49000208 |
| 035 ## - SYSTEM CONTROL NUMBER | |
| System control number | (OCoLC)13758214 |
| 040 ## - CATALOGING SOURCE | |
| Original cataloging agency | U.S. Geol. Survey. Libr. |
| Transcribing agency | KyU |
| Modifying agency | KyU |
| -- | OCoLC |
| -- | DLC |
| 042 ## - AUTHENTICATION CODE | |
| Authentication code | premarc |
| 050 00 - LIBRARY OF CONGRESS CALL NUMBER | |
| Classification number | QE116.L75 |
| Item number | A5 1948 |
| 110 1# - MAIN ENTRY--CORPORATE NAME | |
| Corporate name or jurisdiction name as entry element | Kentucky. |
| Subordinate unit | Division of Geology. |
| 245 10 - TITLE STATEMENT | |
| Title | Geology and ground-water resources of the London area, Kentucky, by E.G. Otton. Prepared in cooperation with the Geological Survey, U.S. Department of the Interior. |
| 260 ## - PUBLICATION, DISTRIBUTION, ETC. | |
| Place of publication, distribution, etc. | [Lexington?] |
| Date of publication, distribution, etc. | 1948. |
| 300 ## - PHYSICAL DESCRIPTION | |
| Extent | 47 p. |
| Other physical details | illus., maps (part fold.) |
| Dimensions | 27 cm. |
| 504 ## - BIBLIOGRAPHY, ETC. NOTE | |
| Bibliography, etc. note | Bibliography: p. 47. |
| 650 #0 - SUBJECT ADDED ENTRY--TOPICAL TERM | |
| Topical term or geographic name entry element | Geology |
| Geographic subdivision | Kentucky |
| -- | London area. |
| 650 #0 - SUBJECT ADDED ENTRY--TOPICAL TERM | |
| Topical term or geographic name entry element | Groundwater |
| Geographic subdivision | Kentucky |
| -- | London area. |
| 650 #0 - SUBJECT ADDED ENTRY--TOPICAL TERM | |
| Topical term or geographic name entry element | Water-supply |
| Geographic subdivision | Kentucky |
| -- | London area. |
| 700 1# - ADDED ENTRY--PERSONAL NAME | |
| Personal name | Otton, E. G. |
| Fuller form of name | (Edmond George), |
| Dates associated with a name | 1918- |
No items available.